Categorize the Fixatives - Statistics

General Stats
  • This quiz has been taken 13 times
    1 since last reset
  • The average score is 78 of 80
Answer Stats
Category Hint Answer % Correct
Different Formaldehyde Fixatives 1 10% Formol-Saline
100%
Different Formaldehyde Fixatives 3 10% Neutral Buffered Formalin/Phosphate Buffered Formalin
100%
Routine Fixatives 8 Acetone
100%
Routine Fixatives 5 Alcohol Fixatives
100%
Different Alcohol Fixatives 5 Alcoholic Formalin/Gendre's
100%
Different Formaldehyde Fixatives 5 Alcoholic Formalin/Gendre's fixative
100%
Routine Fixatives 1 Aldehyde Fixatives
100%
Different Mercuric Chloride Fixatives 5 B-5 Fixative
100%
Different Formaldehyde Fixatives Special Formalin Fixatives Baker's formol calcium
100%
According to Action Both Microanatomical and Cytological (Cytoplasmic) BMCC: Helly's
100%
According to Action Both Microanatomical and Cytological (Histochemical) BMCH: 10% Formol saline
100%
According to Action Both Microanatomical and Cytological (Nuclear) BMCN: Bouin's fluid
100%
According to Action Both Microanatomical and Cytological (Nuclear) BMCN: Heidenhain's Susa
100%
Different Picric Acid Fixatives 1 Bouin's solution
100%
Different Picric Acid Fixatives 2 Brasil's Alcoholic Picroformol Fixative
100%
Different Formaldehyde Fixatives Special Formalin Fixatives Cajol's formol ammonium bromide
100%
Different Mercuric Chloride Fixatives 6 Carnoy-Lebrun
100%
Different Alcohol Fixatives 4 Carnoy's fluid
100%
According to Action Cytological Fixative: Cytoplasmic CFC: Flemming's solution without Acetic acid
100%
According to Action Cytological Fixative: Cytoplasmic CFC: Formalin w/ post-chroming
100%
According to Action Cytological Fixative: Cytoplasmic CFC: Helly's
100%
According to Action Cytological Fixative: Cytoplasmic CFC: Orth's
100%
According to Action Cytological Fixative: Cytoplasmic CFC: Regaud's
100%
According to Action Cytological Fixative: Histochemical CFH: 10% Formol saline
100%
According to Action Cytological Fixative: Histochemical CFH: Absolute Ethyl alcohol
100%
According to Action Cytological Fixative: Histochemical CFH: Acetone
100%
According to Action Cytological Fixative: Histochemical CFH: Newcomer's fluid
100%
According to Action Cytological Fixative: Nuclear CFN: Bouin's Fluid
100%
According to Action Cytological Fixative: Nuclear CFN: Carnoy's fluid
100%
According to Action Cytological Fixative: Nuclear CFN: Flemming's fluid
100%
According to Action Cytological Fixative: Nuclear CFN: Heidenhain's Susa
100%
According to Action Cytological Fixative: Nuclear and Histochemical CFNH: Newcomer's fluid
100%
According to Action Cytological Fixative: Nuclear CFN: Newcomer's fluid
100%
Subtype of Fixatives Metallic Fixatives Chromate
100%
Different Chromate Fixatives 1 Chromic acid
100%
Different Alcohol Fixatives 3 Ethyl alcohol
100%
Different Osmic Acid Fixatives 2 Flemming's solution
100%
Different Osmic Acid Fixatives 3 Flemming's solution without Acetic Acid
100%
Subtype of Fixatives Aldehyde Fixatives Formaldehyde
100%
Different Formaldehyde Fixatives 4 Formol corrosive/Formol sublimate/Formol mercuric chloride
100%
Routine Fixatives 4 Glacial Acetic Acid
100%
Subtype of Fixatives Aldehyde Fixatives Glutaraldehyde
100%
Routine Fixatives 9 Heat Fixation
100%
Different Mercuric Chloride Fixatives 3 Heidenhain's Susa solution
100%
Different Alcohol Fixatives 2 Isopropyl alcohol
100%
Subtype of Fixatives Metallic Fixatives Lead Fixatives
100%
Different Lead Fixatives 2 Lead subacetate
100%
Subtype of Fixatives Metallic Fixatives Mercuric Chloride
100%
Routine Fixatives 2 Metallic Fixatives
100%
Different Alcohol Fixatives 1 Methyl alcohol
100%
According to Action Microanatomical Fixatives MF: 10% Formol saline
100%
According to Action Microanatomical Fixatives MF: 10% Neutral Buffered Formalin
100%
According to Action Microanatomical Fixatives MF: Bouin's solution
100%
According to Action Microanatomical Fixatives MF: Brasil's Alcoholic Picroformol solution
100%
According to Action Microanatomical Fixatives MF: Formol sublimate
100%
According to Action Microanatomical Fixatives MF: Heidenhain's susa
100%
According to Action Microanatomical Fixatives MF: Zenker-formol
100%
According to Action Microanatomical Fixatives MF: Zenker's solution
100%
Different Alcohol Fixatives 6 Newcomer's fluid
100%
Different Mercuric Chloride Fixatives 7 Ohlmacher
100%
Different Chromate Fixatives 3 Orth's fluid
100%
Routine Fixatives 6 Osmic Acid
100%
Different Osmic Acid Fixatives 1 Osmium tetroxide
100%
Routine Fixatives 3 Picric Acid Fixatives
100%
Different Chromate Fixatives 4 Potassium dichromate
100%
Different Chromate Fixatives 2 Regaud's Fluid/Moeller's fluid
100%
Different Mercuric Chloride Fixatives 4 Schaudinn's solution/Sublimated alcohol
100%
According to Composition Simple Fixative 4 SF: Acetic Acid
100%
According to Composition Simple Fixative 5 SF: Acetone
100%
According to Composition Simple Fixative 6 SF: Alcohol
100%
According to Composition Simple Fixative 1 SF: Aldehydes
100%
According to Composition Simple Fixative 8 SF: Heat
100%
According to Composition Simple Fixative 2 SF: Metallic Fixatives
100%
According to Composition Simple Fixative 7 SF: Osmium Tetroxide
100%
According to Composition Simple Fixative 3 SF: Picric Acid
100%
Routine Fixatives 7 Trichloroacetic acid
100%
Different Mercuric Chloride Fixatives 2 Zenker formol/Helly's Solution
100%
Different Mercuric Chloride Fixatives 1 Zenker's fluid
100%
Different Formaldehyde Fixatives 2 Calcium acetate formalin
0%
Different Lead Fixatives 1 Lillie's alcoholic lead nitrate formalin
0%
No matching quizzes found
Score Distribution
Percent of People with Each Score
Percentile by Number Answered
Your Score History
You have not taken this quiz since the last reset